000 00350nam a2200133Ia 4500
008 240624s9999 xx 000 0 und d
041 _aeng
082 _a006.312 KAU
100 _aKAUSHIK AVINASH
245 _aWEB ANALYTICS 2 0 THE ART OF ONLINE ACCO
260 _c2010
_aNew Delhi
_bWiley
300 _axxv, : 475 : p. : cm. ; 23
365 _cRS
_b31
999 _c23063
_d23063